Tvorba systému odmeňovania

Skúsenosti s uplatnením modelu nového systému odmeňovania v I.D.C. Holding, a.s. Analýza úspešnosti zavedenia systému odmeňovania.

Gespeichert in:
Bibliographische Detailangaben
1. Verfasser: Kassay, Štefan
Format: Buchkapitel
Sprache:Slowakisch
Schlagworte:
Tags: Tag hinzufügen
Keine Tags, Fügen Sie das erste Tag hinzu!

MARC

LEADER 00000naa a2200000 4500
001 r041209
005 20231002121119.2
041 0 |a slo 
044 |a SK 
245 1 0 |a Tvorba systému odmeňovania  |c Štefan Kassay 
520 |a Skúsenosti s uplatnením modelu nového systému odmeňovania v I.D.C. Holding, a.s. Analýza úspešnosti zavedenia systému odmeňovania. 
610 2 0 |a odmeňovanie 
610 2 0 |a mzdy 
610 2 0 |a výkony pracovné 
610 2 0 |a stimulovanie hmotné 
610 2 0 |a odmeny 
610 2 0 |a I.D.C. Holding, a.s. 
100 1 |a Kassay, Štefan